Franklin stays up / (Record no. 47524)
[ view plain ]
| 000 -LEADER | |
|---|---|
| fixed length control field | 01377cam a2200397 a 4500 |
| 001 - CONTROL NUMBER | |
| control field | 13352147 |
| 003 - CONTROL NUMBER IDENTIFIER | |
| control field | OSt |
| 005 - DATE AND TIME OF LATEST TRANSACTION | |
| control field | 20140426081039.0 |
| 008 - FIXED-LENGTH DATA ELEMENTS--GENERAL INFORMATION | |
| fixed length control field | 030925s2003 nyua b 000 1 eng |
| 010 ## - LIBRARY OF CONGRESS CONTROL NUMBER | |
| LC control number | 2003277850 |
| 020 ## - INTERNATIONAL STANDARD BOOK NUMBER | |
| International Standard Book Number | 0439418151 |
| 040 ## - CATALOGING SOURCE | |
| Original cataloging agency | DLC |
| Transcribing agency | DLC |
| 042 ## - AUTHENTICATION CODE | |
| Authentication code | lcac |
| 050 00 - LIBRARY OF CONGRESS CALL NUMBER | |
| Classification number | PZ 7 |
| Item number | .B772 2003 |
| 100 1# - MAIN ENTRY--PERSONAL NAME | |
| Personal name | Jennings, Sharon. |
| 9 (RLIN) | 26575 |
| 245 10 - TITLE STATEMENT | |
| Title | Franklin stays up / |
| Statement of responsibility, etc | [story written by Sharon Jennings ; illustrated by Sean Jeffrey, Shelley Southern and Jelena Sisic]. |
| 260 ## - PUBLICATION, DISTRIBUTION, ETC. (IMPRINT) | |
| Place of publication, distribution, etc | New York : |
| Name of publisher, distributor, etc | Scholastic, |
| Date of publication, distribution, etc | 2003 |
| 300 ## - PHYSICAL DESCRIPTION | |
| Extent | 32 p. : |
| Other physical details | col. ill. ; |
| Dimensions | 23 cm. |
| 520 ## - SUMMARY, ETC. | |
| Summary, etc | Franklin wants to stay up all night, so he invites his friends to an overnight in a his backyard, but they find that staying awake is harder than they thought. |
| 521 ## - TARGET AUDIENCE NOTE | |
| Target audience note | |
| 526 ## - STUDY PROGRAM INFORMATION NOTE | |
| Reading level | 130 |
| 562 ## - COPY AND VERSION IDENTIFICATION NOTE | |
| Number of copies | 1 |
| 650 #1 - SUBJECT ADDED ENTRY--TOPICAL TERM | |
| Topical term or geographic name as entry element | Sleepovers |
| Form subdivision | Fiction. |
| 9 (RLIN) | 26576 |
| 650 #1 - SUBJECT ADDED ENTRY--TOPICAL TERM | |
| Topical term or geographic name as entry element | Camping |
| Form subdivision | Fiction. |
| 9 (RLIN) | 26577 |
| 650 #1 - SUBJECT ADDED ENTRY--TOPICAL TERM | |
| Topical term or geographic name as entry element | Turtles |
| Form subdivision | Fiction. |
| 9 (RLIN) | 26578 |
| 650 #1 - SUBJECT ADDED ENTRY--TOPICAL TERM | |
| Topical term or geographic name as entry element | Animals |
| Form subdivision | Fiction. |
| 9 (RLIN) | 26579 |
| 700 1# - ADDED ENTRY--PERSONAL NAME | |
| Personal name | Jeffrey, Sean, |
| Relator term | ill. |
| 9 (RLIN) | 26580 |
| 700 1# - ADDED ENTRY--PERSONAL NAME | |
| Personal name | Southern, Shelley, |
| Relator term | ill. |
| 9 (RLIN) | 26581 |
| 700 1# - ADDED ENTRY--PERSONAL NAME | |
| Personal name | Sisic, Jelena, |
| Relator term | ill. |
| 9 (RLIN) | 26582 |
| 730 0# - ADDED ENTRY--UNIFORM TITLE | |
| Uniform title | Franklin (Television program) |
| 9 (RLIN) | 26583 |
| 830 #0 - SERIES ADDED ENTRY--UNIFORM TITLE | |
| Uniform title | Kids can read (New York) |
| 9 (RLIN) | 26584 |
| 906 ## - LOCAL DATA ELEMENT F, LDF (RLIN) | |
| a | 7 |
| b | cbc |
| c | orignew |
| d | 2 |
| e | ncip |
| f | 20 |
| g | y-gencatlg |
| 942 ## - ADDED ENTRY ELEMENTS (KOHA) | |
| Source of classification or shelving scheme | Library of Congress Classification |
| Koha item type | Books |
| Withdrawn status | Lost status | Source of classification or shelving scheme | Damaged status | Home library | Current library | Shelving location | Date acquired | Total Checkouts | Full call number | Barcode | Date last seen | Copy number | Price effective from | Koha item type |
|---|---|---|---|---|---|---|---|---|---|---|---|---|---|---|
| Library of Congress Classification | Munich Library | Munich Library | Scholastic Reading Center Section | 03/20/2014 | PZ 7 .B772 2003 | MS0774 | 03/20/2014 | 1 | 03/20/2014 | Books |